|
|
|
|
| LEADER |
01246cam a2200313 7i4500 |
| 001 |
0000018243 |
| 005 |
20200616090000.0 |
| 008 |
071004 eng |
| 020 |
|
|
|a 075088068
|
| 040 |
|
|
|a DLC
|
| 090 |
0 |
0 |
|a RD768
|b .M38 2005
|
| 245 |
0 |
0 |
|a Maitland's vertebral manipulation
|c edited by Elly Hengeveld, Kevin Banks, Kay English.
|
| 250 |
|
|
|a 7th ed.
|
| 260 |
|
|
|a Edinburgh:
|b Elsevier,
|c 2005.
|
| 300 |
|
|
|a xvii, 499 p.:
|b ill.;
|c 25 cm..
|
| 501 |
|
|
|a With CD-ROM: Maitland's vertebral manipulation / edited by Elly Hengeveld, Kevin Banks, Kay English. -- Edinburgh : Elsevier, 2006
|
| 504 |
|
|
|a Includes bibliographical references and index
|
| 650 |
0 |
0 |
|a Manipulation, Spinal
|
| 650 |
0 |
0 |
|a Spinal Diseases --
|x Therapy
|
| 700 |
1 |
|
|a English, Kay
|
| 700 |
1 |
|
|a Banks, Kevin
|
| 700 |
1 |
|
|a Hengeveld, Elly
|
| 997 |
|
|
|a Health Sciences, Faculty
|
| 998 |
|
|
|a Physiotherapy, Diploma
|
| 999 |
|
|
|a 0000024291
|b BOK
|c OPEN SHELF
|e 1st Floor, Shah Alam
|
| 999 |
|
|
|a 0000025429
|b BOK
|c OPEN SHELF
|e 1st Floor, Shah Alam
|
| 999 |
|
|
|a 0000025434
|b BOK
|c OPEN SHELF
|e 1st Floor, Shah Alam
|
| 999 |
|
|
|a 0000025455
|b BOK
|c OPEN SHELF
|e 1st Floor, Shah Alam
|
| 999 |
|
|
|a CDR0002476
|b CD-ROM
|c OPEN SHELF
|e Circulation Counter, Shah Alam
|